Fluid physics in geology : an introduction to fluid motions on Earth's surface and within its crust /

Bibliographic Details
Main Author: Furbish, David Jon
Format: Book
Language:English
Published: New York : Oxford University Press, 1997.
Subjects:

MARC

Tag First Indicator Second Indicator Subfields
LEADER 00000cam a2200000 a 4500
001 in00001331237
005 20151005082500.0
008 951205s1997 nyua b 001 0 eng
010 |a  95051658  
020 |a 0195077016 (cloth : alk. paper) 
035 |a (OCoLC)33947214 
035 |9 AHD5469AM 
040 |a DLC  |c DLC  |d C#P  |d TXA  |d UtOrBLW 
049 |a TXAM 
050 0 0 |a QE517.5  |b .F87 1997 
082 0 0 |a 550/.1/532  |2 20 
100 1 |a Furbish, David Jon. 
245 1 0 |a Fluid physics in geology :  |b an introduction to fluid motions on Earth's surface and within its crust /  |c David Jon Furbish. 
264 1 |a New York :  |b Oxford University Press,  |c 1997. 
300 |a xx, 476 pages :  |b illustrations ;  |c 25 cm. 
336 |a text  |b txt  |2 rdacontent 
337 |a unmediated  |b n  |2 rdamedia 
338 |a volume  |b nc  |2 rdacarrier 
504 |a Includes bibliographical references (pages [459]-466) and index. 
650 0 |a Fluid dynamics. 
650 0 |a Geophysics. 
999 |a MARS 
999 f f |s e0ab0339-5306-3adc-b9e0-05a8d0e7259e  |i ba0b6e9d-23ae-30bb-a5a8-40cdf3c3b77b  |t 0 
952 f f |p ric  |a Texas A&M University  |b Rellis Campus  |c Joint Library Facility  |s JLF  |d Remote Storage  |t 0  |e QE517.5 .F87 1997  |h Library of Congress classification  |i unmediated -- volume  |m A14820523172 
998 f f |a QE517.5 .F87 1997  |t 0  |l Remote Storage